00511nam a2200181 a 450000100060000000300090000600800410001502000150005604000280007108200170009910000200011624500480013626000500018430000110023449000420024565000240028765000180031119802CO-ViMGA141112s2004 ck r 000 u spa d a9968380822 aCO-ViMGAbspacCO-ViMGA04a345.05 F767e1 aFlorian, Eugene10aElementos de derecho procesal penal. Vol. 1 aMexico : bEd. Juridica Universitaria, c2001 a298 p. aClásicos del derecho procesal penal14aPROCEDIMIENTO PENAL14aPROCESO PENAL